Isaac Albéniz (Record no. 154857)

MARC details
000 -LEADER
campo de control de longitud fija 00866nam a2200217 i 4500
001 - NÚMERO DE CONTROL
campo de control 154857
003 - IDENTIFICADOR DE NÚMERO DE CONTROL
campo de control ES-MaACL
005 - FECHA Y HORA DE LA ÚLTIMA TRANSACCIÓN
campo de control 20250901021459.0
008 - DATOS DE LONGITUD FIJA--INFORMACIÓN GENERAL
campo de control de longitud fija 040709s1886 sp |||| |bspa d
040 ## - FUENTE DE CATALOGACIÓN
Centro catalogador/agencia de origen CAM
Lengua de catalogación spa
Centro/agencia transcriptor CAM
080 ## - NÚMERO DE LA CLASIFICACIÓN DECIMAL UNIVERSAL
Número de la Clasificación Decimal Universal 929:78 Albéniz, Isaac
100 1# - ENTRADA PRINCIPAL--NOMBRE DE PERSONA
Nombre de persona Guerra y Alarcón, Antonio.
9 (RLIN) 127603
245 10 - MENCIÓN DEL TÍTULO
Título Isaac Albéniz
Resto del título : notas crítico-biográficas de tan eminente pianista /
Mención de responsabilidad, etc. por Antonio Guerra y Alarcón.
260 ## - PUBLICACIÓN, DISTRIBUCIÓN, ETC.
Lugar de publicación, distribución, etc. Madrid :
Nombre del editor, distribuidor, etc. [s.n.],
Fecha de publicación, distribución, etc. 1886 (
Fabricante Escuela Tipográfica del Hospicio)
300 ## - DESCRIPCIÓN FÍSICA
Extensión 47 p. ;
Dimensiones 17 cm.
490 1# - MENCIÓN DE SERIE
Mención de serie Galería de la juventud artístico-literaria
600 17 - PUNTO DE ACCESO ADICIONAL DE MATERIA--NOMBRE DE PERSONA
Nombre de persona Albéniz, Isaac,
Fechas asociadas al nombre 1860-1909
Fuente del encabezamiento o término embne
9 (RLIN) 19261
830 0# - PUNTO DE ACCESO ADICIONAL DE SERIE-TÍTULO UNIFORME
Título uniforme Galería de la juventud artístico-literaria
9 (RLIN) 221515
852 ## - LOCALIZACIÓN
Ubicación ES-MaACL
Número de control de estantería T-480-F-1
Nota libre - Enc. hol., falto de la cub. original
-- - Enc. en un vol. facticio
Holdings
Estatus retirado Estado de pérdida Estado de daño No para préstamo Colección Biblioteca de origen Biblioteca actual Ubicación en estantería Fecha de adquisición Total de préstamos Signatura topográfica completa Código de barras Visto por última vez Precio de reemplazo Tipo de ítem Koha
        Colección de folletos Biblioteca del Ateneo de Madrid Biblioteca del Ateneo de Madrid Depósito folletos 17/01/2008   T-480-F-1 1161981 23/02/2023 23/02/2023 Folleto